الثلاثة الذين تكلموا في المهد / (رقم التسجيلة. 28752)

تفاصيل مارك
000 -الفاتح
عناصر البيانات ثابتة الطول 00582cam a2200169 i 4500
005 - تاريخ ووقت آخر معاملة
حقل ضبط 20251204103749.0
008 - عناصر البيانات ثابتة الطول
عناصر البيانات ثابتة الطول 250721r1987 ua gr 000 0 ara d
082 14 - رقم تصنيف ديوي العشري
رقم التصنيف 214.4
رقم المادة ا ب و
100 1# - مدخل رئيسي – اسم شخصي
الاسم الشخصي أبو العباس، عادل.
علاقة الشخص بالعمل/ دوره مؤلف.
245 12 - بيان العنوان
العنوان الثلاثة الذين تكلموا في المهد /
بيان المسؤولية تاليف عادل عبدالمنعم ابو العباس.
264 31 - بيانات النشر، التوزيع…إلخ
مكان النشر، التوزيع...إلخ القاهرة :
اسم الناشر، الموزع...إلخ مكتبة القرآن،
تاريخ النشر، التوزيع...إلخ 1987.
300 ## - الوصف المادي
عدد الوحدات المكونة للوعاء 127صفحة.
650 17 - مدخل إضافي بالموضوع - مصطلح موضوعي
مصطلح موضوعي أو اسم جغرافي كعنصر مدخل الإسلام.
650 17 - مدخل إضافي بالموضوع - مصطلح موضوعي
مصطلح موضوعي أو اسم جغرافي كعنصر مدخل الكرامات.
942 ## - بيانات إضافية (كوها)
نوع التنصيف Dewey Decimal Classification
نوع المادة (كوها) كتب
المقتنيات
حالة السحب حالة الفقدان مصدر التصنيف حالة التلف غير قابل للإعارة المكتبة الرئيسية المكتبة الحالية موقع الرف تاريخ التزويد الرقم المتسلسل Total Checkouts رقم الإستدعاء الباركود تاريخ آخر ظهور تاريخ الفاتورة نوع المادة (كوها)
    Dewey Decimal Classification     المكتبة المركزية المكتبة المركزية الإعارة 06/07/2004 428337   214.4 / ا ب و 428337 28/07/2025 06/07/2004 كتب
Implemented & Customized by: BBB with SCIT (Smart Chains for Information Technology)

Powered by Koha